<?xml version="1.0" encoding="UTF-8"?>
<record
    xmlns:xsi="http://www.w3.org/2001/XMLSchema-instance"
    xsi:schemaLocation="http://www.loc.gov/MARC21/slim http://www.loc.gov/standards/marcxml/schema/MARC21slim.xsd"
    xmlns="http://www.loc.gov/MARC21/slim">

  <leader>00658nam a22002417a 4500</leader>
  <controlfield tag="003">UA-OsUOA</controlfield>
  <controlfield tag="001"> 52142 </controlfield>
  <controlfield tag="007">ta</controlfield>
  <controlfield tag="008">20150526b un ||||| |||| 00| 0 ukr d</controlfield>
  <datafield tag="100" ind1=" " ind2=" ">
    <subfield code="a">&#x421;&#x43E;&#x43C;&#x43A;&#x43E; &#x41E;.</subfield>
  </datafield>
  <datafield tag="090" ind1=" " ind2=" ">
    <subfield code="a">09.-82-1</subfield>
    <subfield code="b">&#x421;61</subfield>
  </datafield>
  <datafield tag="942" ind1=" " ind2=" ">
    <subfield code="c">BK</subfield>
  </datafield>
  <datafield tag="040" ind1=" " ind2=" ">
    <subfield code="a">UA-OsUOA</subfield>
    <subfield code="b">ukr</subfield>
    <subfield code="c">UA-OsUOA</subfield>
    <subfield code="d">UA-OsUOA</subfield>
  </datafield>
  <datafield tag="245" ind1=" " ind2=" ">
    <subfield code="a">&#x412;&#x456;&#x440;&#x448;&#x43E;&#x442;&#x432;&#x43E;&#x440;&#x438;</subfield>
  </datafield>
  <datafield tag="300" ind1=" " ind2=" ">
    <subfield code="a">96 &#x441;.</subfield>
  </datafield>
  <datafield tag="955" ind1=" " ind2=" ">
    <subfield code="a">3</subfield>
  </datafield>
  <datafield tag="041" ind1=" " ind2=" ">
    <subfield code="a">ukr</subfield>
  </datafield>
  <datafield tag="080" ind1=" " ind2=" ">
    <subfield code="a">09.-82-1</subfield>
  </datafield>
  <datafield tag="260" ind1=" " ind2=" ">
    <subfield code="a">&#x41D;&#x43E;&#x432;&#x438;&#x439; &#x423;&#x43B;&#x44C;&#x43C;; &#x411;&#x435;&#x442;&#x43B;&#x435;&#x433;&#x435;&#x43C;</subfield>
  </datafield>
  <datafield tag="650" ind1=" " ind2="7">
    <subfield code="a">0 &#x417;&#x430;&#x433;&#x430;&#x43B;&#x44C;&#x43D;&#x438;&#x439; &#x432;&#x456;&#x434;&#x434;&#x456;&#x43B;.</subfield>
    <subfield code="2">UDC</subfield>
  </datafield>
  <datafield tag="999" ind1=" " ind2=" ">
    <subfield code="c">432251</subfield>
    <subfield code="d">432251</subfield>
  </datafield>
  <datafield tag="952" ind1=" " ind2=" ">
    <subfield code="0">0</subfield>
    <subfield code="1">0</subfield>
    <subfield code="2">udc</subfield>
    <subfield code="4">0</subfield>
    <subfield code="7">0</subfield>
    <subfield code="a">300</subfield>
    <subfield code="b">300</subfield>
    <subfield code="d">2015-05-26</subfield>
    <subfield code="e">310/2014</subfield>
    <subfield code="i">2137731</subfield>
    <subfield code="l">0</subfield>
    <subfield code="o">09.-82-1 &#x421;61</subfield>
    <subfield code="p">2137731</subfield>
    <subfield code="r">2019-09-15 00:00:00</subfield>
    <subfield code="w">2015-05-26</subfield>
    <subfield code="y">BK</subfield>
  </datafield>
</record>
